| 000 | 00970nam a2200325Ia 4500 | ||
|---|---|---|---|
| 001 | dia_6678 | ||
| 003 | CHAP | ||
| 005 | 20240612123011.0 | ||
| 008 | 220117s2017 xx 000 0 und d | ||
| 010 | _a177994 | ||
| 020 | _a978-607-07-4294-1 | ||
| 040 | _cCHAP | ||
| 082 | _a808.83085 P38 B84 2017 | ||
| 100 |
_aPaula Fernández, Francisco de _9162606 |
||
| 245 |
_a¡Buenos días, princesa! / _c Blue Jeans |
||
| 260 |
_aMéxico : _b Planeta Mexicana, _c2017 |
||
| 300 | _a541 p. | ||
| 440 |
_aBooket _9153675 |
||
| 590 | _aPQ6716.A85 B84 2017 | ||
| 650 |
_aAmor _xNovela _9160368 |
||
| 650 |
_aFiction _9152751 |
||
| 650 |
_aLiteratura española _xSiglo XXI _9160139 |
||
| 650 |
_aLove _xFiction _9162602 |
||
| 650 |
_aNovela _982011 |
||
| 650 | 0 |
_aSpanish literature _y21st century _9160141 |
|
| 901 | _a808.83085 P38 B84 2017 | ||
| 902 | _aA | ||
| 905 | _a5232272017 mx x 9222222332spa16 | ||
| 942 |
_cLIBRO _2ddc |
||
| 999 |
_c177994 _d177994 |
||